000 01228nam a2200277Ia 4500
003 OSt
005 20221005110307.0
006 a|||||r|||| 00| 0
007 ta
008 221004b |||||||| |||| 00| 0 hin d
020 _a9788185999777 (hbk)
_c990
024 _a7068
037 _b147, 29/08/2013, Swaraj Prakashan
_cTextual
040 _aCRL
_cCRL
_bhin
041 _2hin
_ahin
082 _aO157,6M38x, 152Q0
100 _aचट्टोपाध्याय, बकिमचन्द्र
245 0 _aबकिमचन्द्र चट्टोपाध्याय के निबन्ध
_b एक संकलन
246 _aBakimachandra chaṭṭopādhyāya ke nibandha: ek sankalana
260 _aनई दिल्ली
_bस्वराज प्रकाशन भारत
_c2010
300 _a304पृ0
_ccm.
650 _aबंगाली साहित्य
700 _a गुप्ता, रूपा, संपा.
942 _hO157,6M38x, 152Q0
_cTEXL
_2cc
999 _c1018363
_d1018363